000 00737nam a22002890a 4500
001 PT60935
003 AR-LpoUNG
005 20210131232018.0
008 191001s2016||||sp |||||||||||||||||spa d
020 _a9788468439624
_c$10
040 _aAR-LpoUNG
_bspa
_cAR-LpoUNG
_eaacr
041 _aspa
044 _asp
082 0 _a808.068 3 542des
100 1 _aChirif, Micaela
245 1 0 _aDesayuno
250 _a1ra. ed.
260 _aBarcelona :
_bPlaneta DeAgostini,
_c2016.
300 _a[30]p. :
_bil.
505 0 _aSugerido a partir de 6 aƱos (etiqueta AMARILLA)
650 4 _aCUENTOS
650 4 _aLITERATURA
653 _aLITERATURA INFANTIL
700 1 _aAlayza, Gabriel
_eil.
905 _a60935
942 _cLIB
999 _c13228
_d13228